000 00570nam a2200181 i 4500
001 47956
003 ES-MaACL
005 20230906161653.0
007 t|
008 950206s1875 fr ||||1| fre d
040 _aCAM
_bspa
_cCCPB | PA2
100 1 _aCourrière, C.
_941278
245 1 0 _aHistoire de la litterature contemporaine en Russie /
_cpar C. Courrière.
260 _aParis :
_b[s.n.],
_c1875 (
_fViéville et Copiomont)
300 _aVIII, 442 p. ;
_c18 cm.
650 4 _aLiteratura rusa-
_yS.XIX-
_xHistoria y crítica.
_9147982
852 _aES-MaACL
_jB-3129
999 _c47956
_d47956